000 01026cam a22003493a 4500
001 242
003 PGUSA
005 20140828082945.0
008 080711s2008||||xxu|||||s|||||000 1 eng d
040 _aPGUSA
_beng
042 _adc
050 4 _aPS
100 1 _aCather, Willa,
_d1873-1947
245 1 0 _aMy Antonia
_h[electronic resource] /
_cWilla Cather
260 _bProject Gutenberg,
_c2008
506 _aPublic domain in the USA.
516 _aElectronic text
653 _aFrontier and pioneer life -- Nebraska -- Fiction
653 _aCzech Americans -- Fiction
653 _aDomestic fiction
653 _aWomen pioneers -- Fiction
653 _aNebraska -- Fiction
653 _aFarm life -- Fiction
653 _aWomen immigrants -- Fiction
653 _aWestern stories
653 _aMarried women -- Fiction
653 _aFriendship -- Fiction
653 _aFarmers' spouses -- Fiction
830 0 _aProject Gutenberg
_v242
856 4 0 _uhttp://www.gutenberg.org/ebooks/242
942 _cEB
999 _c229595
_d229595